Začínať s najmenším rizikom
Rozhovor s riaditeľom Ústavu vzdelávania ekonómov a manažérov pri Ekonomickej univerzite v Bratislave. Najnovší projekt, podľa ktorého uskutočňujú prípravu budúcich podnikateľov. Skúsenosti a poznatky zo zahraničných krajín. Komplexné poňatie prípravy podnikateľov.
Enregistré dans:
| Auteur principal: | |
|---|---|
| Autres auteurs: | |
| Format: | Chapitre de livre |
| Langue: | slovaque |
| Sujets: | |
| Tags: |
Pas de tags, Soyez le premier à ajouter un tag!
|
MARC
| LEADER | 00000naa a2200000 4500 | ||
|---|---|---|---|
| 001 | r000708 | ||
| 005 | 20221213123017.7 | ||
| 041 | 0 | |a slo | |
| 044 | |a SK | ||
| 245 | 1 | 0 | |a Začínať s najmenším rizikom |c Ján Porvazník, M. Holub |
| 520 | |a Rozhovor s riaditeľom Ústavu vzdelávania ekonómov a manažérov pri Ekonomickej univerzite v Bratislave. Najnovší projekt, podľa ktorého uskutočňujú prípravu budúcich podnikateľov. Skúsenosti a poznatky zo zahraničných krajín. Komplexné poňatie prípravy podnikateľov. | ||
| 610 | 2 | 0 | |a vzdelávanie |
| 610 | 2 | 0 | |a príprava odborná |
| 610 | 2 | 0 | |a ekonómovia |
| 610 | 2 | 0 | |a manažéri |
| 610 | 2 | 0 | |a projekty |
| 610 | 2 | 0 | |a podnikatelia |
| 610 | 2 | 0 | |a Ekonomická univerzita v Bratislave |
| 100 | 1 | |a Porvazník, Ján | |
| 700 | 1 | |a Holub, M. | |